Statistics for England Current Squad

Click here to take the quiz!

General Stats

  • This quiz has been taken 108 times
    (24 since last reset)
  • The average score is 18 of 24

Answer Stats

RoleClubPlayer Name% Correct
ForwardBayern MunichHarry Kane
100%
ForwardManchester UnitedMarcus Rashford
95%
MidfielderArsenalDeclan Rice
90%
ForwardManchester CityJack Grealish
90%
GoalkeeperEvertonJordan Pickford
90%
ForwardManchester CityPhil Foden
90%
ForwardArsenalBukayo Saka
86%
DefenderManchester UnitedHarry Maguire
86%
DefenderManchester CityKyle Walker
86%
GoalkeeperArsenalAaron Ramsdale
81%
MidfielderAl-EttifaqJordan Henderson
81%
DefenderAC MilanFikayo Tomori
76%
ForwardAston VillaOllie Watkins
76%
DefenderLiverpoolTrent Alexander-Arnold
76%
Coach-Gareth Southgate
71%
MidfielderChelseaConor Gallagher
67%
DefenderNewcastle UnitedKieran Trippier
67%
MidfielderChelseaCole Palmer
62%
ForwardWest Ham UnitedJarrod Bowen
62%
MidfielderManchester CityKalvin Phillips
62%
DefenderCrystal PalaceMarc Guéhi
57%
GoalkeeperCrystal PalaceSam Johnstone
52%
DefenderManchester CityRico Lewis
43%
DefenderAston VillaEzri Konsa
38%

Score Distribution

Percentile by Number Answered

Percent of People with Each Score

Your Score History

You have not taken this quiz since the last reset